000 00393nam a2200169Ia 4500
008 160105s9999 xx 000 0 und d
020 _a978-2-553-01416-1
041 _afre
245 _aDictionnaire de l'agriculture
260 _aParis
260 _bLibrairie Larousse
260 _c1984
654 _xDICTIONNAIRE/FRANCAIS
942 _c09
994 _a109499
999 _c9403
_d37401